Vol. 67, № 11; OiL and Gas journal

Bibliographische Detailangaben
Parent link:OiL and Gas journal: журнал. Vol. 67, № 11.— , 1955-1963, 1968-1974, 1993-2003.— 0030-1388
Sprache:Russisch
Veröffentlicht: 1969
Format: MixedMaterials Buch
KOHA link:https://koha.lib.tpu.ru/cgi-bin/koha/opac-detail.pl?biblionumber=554948

MARC

LEADER 00000nam2a2200000 4500
001 554948
005 20231101121606.0
035 |a (RuTPU)RU\TPU\prd\249000 
035 |a RU\TPU\prd\248999 
090 |a 554948 
100 |a 20151225a19699999k y0engy50 ba 
101 1 |a rus  |c eng 
102 |a US 
200 0 |a Vol. 67, № 11 
210 |d 1969 
461 1 |0 (RuTPU)RU\TPU\prd\47  |x 0030-1388  |t OiL and Gas journal  |o журнал  |v Vol. 67, № 11  |d 1955-1963, 1968-1974, 1993-2003 
801 0 |a RU  |b 63413507  |c 20010227  |g PSBO 
801 1 |a RU  |b 63413507  |c 20020228  |g PSBO 
801 2 |a RU  |b 63413507  |c 20151225  |g PSBO 
942 |c BK 
999 |a НТБ_ТПУ  |b НФ  |e -19/20150916  |p П-3802  |u 0,00  |v 1